000 00326nam a2200133Ia 4500
008 220216s9999 xx 000 0 und d
100 _aDavies O L
245 0 _aErrors in tensile strength testing
260 _bIRI Transactions
_c1936
300 _a85-92
650 _aTensile strength
700 _aHorrobin S
942 _cJS
999 _c58761
_d58761